2025 NASCAR Cup Series Race Winners - Statistics

General Stats
  • This quiz has been taken 90 times
  • The average score is 35 of 42
Answer Stats
Race Winner % Correct
Cook Out Clash at Bowman Gray Stadium Chase Elliott
97%
Quaker State 400 available at Walmart Chase Elliott
97%
Hollywood Casino 400 Chase Elliott
97%
Straight Talk Wireless 400 Kyle Larson
95%
Food City 500 Kyle Larson
95%
AdventHealth 400 Kyle Larson
95%
Würth 400 presented by LIQUI MOLY Joey Logano
91%
Cracker Barrel 400 Ryan Blaney
91%
Coke Zero Sugar 400 Ryan Blaney
91%
Mobil 1 301 Ryan Blaney
91%
NASCAR Cup Series Championship Race Ryan Blaney
91%
Daytona 500 William Byron
89%
Iowa Corn 350 powered by Ethanol William Byron
89%
Xfinity 500 William Byron
89%
Cook Out 400 (Martinsville) Denny Hamlin
88%
Goodyear 400 Denny Hamlin
88%
FireKeepers Casino 400 Denny Hamlin
88%
Enjoy Illinois 300 presented by TicketSmarter Denny Hamlin
88%
South Point 400 Denny Hamlin
88%
Ambetter Health 400 Christopher Bell
86%
EchoPark Automotive Grand Prix Christopher Bell
86%
Shriners Children's 500 Christopher Bell
86%
NASCAR All-Star Race Heat Race 2 Christopher Bell
86%
NASCAR All-Star Race Christopher Bell
86%
Bass Pro Shops Night Race Christopher Bell
86%
The Great American Getaway 400 presented by VISITPA Chase Briscoe
84%
Cook Out Southern 500 Chase Briscoe
84%
YellaWood 500 Chase Briscoe
84%
Viva México 250 Shane Van Gisbergen
81%
Grant Park 165 Shane Van Gisbergen
81%
Toyota/Save Mart 350 Shane Van Gisbergen
81%
Go Bowling at The Glen Shane Van Gisbergen
81%
Bank of America Roval 400 Shane Van Gisbergen
81%
Coca-Cola 600 Ross Chastain
77%
The Duel at Daytona Austin Cindric
75%
Jack Link's 500 Austin Cindric
75%
The Duel at Daytona Bubba Wallace
75%
Brickyard 400 Bubba Wallace
75%
Cook Out 400 (Richmond) Austin Dillon
72%
Pennzoil 400 presented by Jiffy Lube Josh Berry
67%
NASCAR All-Star Race Heat Race 1 Brad Keselowski
48%
NASCAR All-Star Open Carson Hocevar
45%
No matching quizzes found
Score Distribution
Percent of People with Each Score
Percentile by Number Answered
Your Score History
You have not taken this quiz